00575 2200241 4500001002100000005001500021035002000036008004100056245005700097100002300154250000600177260003000183300001200213084001400225082000800239650001400247990001200261990001200273990001200285990001200297990001200309990001200321INLIS00000000000035620240503082838 a0010-0424000332240503 0 ind 1 aPengetahuan Seni Rupa Indonesia /cElyandra Widharta aWidharta, Elyandra a1 aYogyakarta :bTaka,c2014 a102 hlm a700 ELY p a700 4aNon Fiksi a0728685 a0728686 a0722060 a0722061 a0722062 a0722063